000 00448nam a2200181Ia 4500
001 13671
005 20260306164818.0
008 260306t1994||||xx |||||||||||||| ||spa||
041 _aESP
082 _a005.117
_bV86
100 _aVoss, Greg
_eAUT
245 0 _aProgramación orientada a objetos:
_buna introducción
260 _c1994
300 _axxv, 597 páginas :
_c23 cm.
650 _aGEN
654 _aCCC
942 _cLIB
_dJUS
_fJUS
_2ddc
_n
999 _c13671
_d13671